|
|
|
|
| LEADER |
00000nab a2200000 ar4500 |
| 001 |
vtls009005522 |
| 003 |
SK-MaSNL |
| 005 |
20260303065705.0 |
| 008 |
070711c20070627xo mr|p|||||||000 b|slo |
| 015 |
|
|
|a SNKBUCL2007/07
|2 snkbucl
|
| 038 |
|
|
|a SNKBUCL
|
| 040 |
|
|
|a SNKBUCL
|b slo
|c SNKBUCL
|e AACR2
|
| 041 |
0 |
|
|a slo
|
| 044 |
|
|
|a xo
|c SK
|
| 080 |
|
|
|a 796.323.2.071
|2 2001
|
| 080 |
|
|
|a 929 Kováčová, Alena
|2 2001
|
| 100 |
1 |
|
|a Grosmann, Tomáš
|4 ivr
|9 5355
|
| 245 |
1 |
0 |
|a V tomto roku už dve operácie!
|b Alena Kováčová ešte ani teraz nevie, kedy sa znova vráti pod koše
|c [zhováral sa] Tomáš Grosmann
|
| 300 |
|
|
|b Fotogr.
|
| 600 |
1 |
7 |
|a Kováčová, Alena,
|d 1978-
|2 snkbucl
|9 103583
|
| 650 |
0 |
7 |
|a basketbal
|2 snkbucl
|9 3290
|
| 700 |
1 |
|
|a Kováčová, Alena,
|d 1978-
|4 ive
|9 103583
|
| 773 |
0 |
|
|t Šport
|g Roč. 61, č. 147 (27.6.2007), s. 32
|x 0139-7001
|
| 852 |
|
|
|a SNK
|b KIS3GCP
|
| 999 |
|
|
|c 1752222
|d 1754152
|